"Why do you ask?" : (رقم التسجيلة. 19617)

تفاصيل مارك
000 -الفاتح
حقل البيانات ثابتة الطول 02721cam a2200337 a 4500
001 - رقم الضبط
رقم الضبط 15626856
003 - محدد رقم الضبط
رقم الضبط OSt
005 - وقت وتاريخ اخر تعامل مع التسجيلة
رقم الضبط 20150408113957.0
008 - عناصر البيانات ثابتة الطول - معلومات عامة
حقل البيانات ثابتة الطول 111213s2010 enk b 001 0 eng
010 ## - رقم ضبط مكتبة الكونجرس
رقم ضبط مكتبة الكونجرس 2009006795
020 ## - الرقم الدولى المعيارى للكتب
الرقم الدولى المعيارى للكتاب 9780195306897 (hc)
020 ## - الرقم الدولى المعيارى للكتب
الرقم الدولى المعيارى للكتاب 9780195306903 (pbk.)
020 ## - الرقم الدولى المعيارى للكتب
الرقم الدولى المعيارى للكتاب 0195306899 (hc)
020 ## - الرقم الدولى المعيارى للكتب
الرقم الدولى المعيارى للكتاب 0195306902 (pbk.)
035 ## - رقم ضبط النظام
رقم ضبط النظام (OCoLC)ocn309836316
040 ## - مصدر الفهرسة
وكالة الفهرسة الأصلية DLC
وكالة النسخ DLC
وكالة التعديل C#P
-- BWX
-- YDXCP
-- CDX
-- GEBAY
-- DLC
050 00 - رقم طلب مكتبة الكونجرس
رقم التصنيف P95.52
رقم المادة .W58 2010
082 00 - رقم تصنيف ديوى العشرى
رقم التصنيف 302.346 W H D
رقم الطبعة 22
245 00 - بيان العنوان
العنوان "Why do you ask?" :
بقية العنوان the function of questions in institutional discourse /
بيان المسئوليه,etc edited by Alice F. Freed and Susan Ehrlich.
260 ## - PUBLICATION, DISTRIBUTION, ETC. (IMPRINT)
مكان الناشر او الموزع Oxford ;
-- New York :
اسم الناشر او الموزع Oxford University Press,
تاريخ النشر أو التوزيع 2010.
300 ## - الوصف المادى
التعداد xiv, 356 p. ;
أبعاد الوعاء 24 cm.
504 ## - تبصرة ببليوجرافية
تبصرة ببليوجرافية,الخ Includes bibliographical references and index.
505 0# - تبصرة محتويات-الفهرس
تبصرة المحتويات المصاغة The function of questions in institutional discourse : an introduction / Susan Ehrlich and Alice F. Freed -- The design and positioning of questions in inquiry testimony / Jack Sidnell -- Questioning in medicine / John Heritage -- Interrogating tears : some uses of "tag questions" in a child-protection helpline / Alex Hepburn and Jonathan Potter -- Grammar and social relations : alternative forms of yes/no-type initiating actions in health visitor interactions / Geoffrey Raymond -- Asking ostensibly silly questions in police-suspect interrogations / Elizabeth Stokoe and Derek Edwards -- Pursuing views and testing commitments : hypothetical questions in the psychiatric assessment of transsexual patients / Susan A. Speer -- Questions that convey information in teacher-student conferences / Irene Koshik -- "Is that right?" : questions and questioning as control devices in the workplace / Janet Holmes and Tina Chiles -- Questioning in meetings : participation and positioning / Cecilia E. Ford -- The spatial and temporal dimensions of reflective questions in genetic counseling / Srikant Sarangi -- Questions in broadcast journalism / Steven Clayman -- Questions and institutionality in public participation broadcasting / Joanna Thornborrow -- "I'm calling to let you know!" : company-initiated telephone sales / Alice F. Freed -- "How may I help you?" : questions, control, and customer care in telephone call center talk / Anna Kristina Hultgren and Deborah Cameron.
650 #0 - المدخل الاضافى بالموضوع-مصطلح موضوعى
مصطلح موضوعي أو اسم جغرافي كعنصر مدخل Oral communication.
9 (RLIN) 5079
650 #0 - المدخل الاضافى بالموضوع-مصطلح موضوعى
مصطلح موضوعي أو اسم جغرافي كعنصر مدخل Questioning.
9 (RLIN) 8021
700 1# - المدخل الاضافى - اسم شخصى
الإسم الشخصى Freed, Alice F.,
التواريخ المصاحبة للاسم 1946-
9 (RLIN) 8022
700 1# - المدخل الاضافى - اسم شخصى
الإسم الشخصى Ehrlich, Susan
الشكل الأكمل للاسم (Susan Lynn)
9 (RLIN) 8023
906 ## - عنصر بيانات محلى F, LDF (RLIN)
a 7
b cbc
c orignew
d 1
e ecip
f 20
g y-gencatlg
942 ## - عناصر المدخل الإضافي( كوها)
مصدر التصنيف او مخطط الترفيف Dewey Decimal Classification
Koha [default] item type DVD
المقتنيات
حالة الفقد نموذج السعر الفعال حالة تلف ليس للاعارة رقم الطلب تاريخ الاكتساب الموقع الحالي الباركود الفرع الرئيسي Date last seen نوع المادة فى نظام كوها مصدر التصنيف او خطة الترفيف Total Checkouts
  2013-03-10     302.346 W H D 2011-12-13 قسم الاجراءات الفنية (IC) 00100725 قسم الاجراءات الفنية (IC) 2013-03-10 كتاب Dewey Decimal Classification  
  2013-03-10     302.346 W H D 2011-12-13 قسم الاجراءات الفنية (IC) 00100724 قسم الاجراءات الفنية (IC) 2013-03-10 كتاب Dewey Decimal Classification